000 00388nam a2200145 i 4500
001 29496
003 ES-MaACL
007 t|
008 030122s1907 sp ||||1| spa d
100 1 _aBark, Ernesto.
_925673
245 1 0 _aFilosofĂ­a del placer /
_cErnesto Bark.
260 _aMadrid :
_b[s.n.,
_c1907] (
_fFernández y Martin)
300 _a270 p. ;
_c19 cm.
852 _aES-MaACL
_jD-981
999 _c29496
_d29496